Csattogó szélben részletek Annus József kiadatlan visszaemlékezéseiből /

Elmentve itt :
Bibliográfiai részletek
Szerző: Annus József
Testületi szerző: Tetthelyre hívás - 1956 a szegedi 1989-ben (2016) (Szeged)
További közreműködők: Annus Gábor
Dokumentumtípus: Cikk
Megjelent: Média-Mix Szeged 2017
Sorozat:Szeged hosszú tavasza 1989-ben és '56 : előadások, tanulmányok, visszaemlékezések, dokumentumok
Kulcsszavak:Szeged története - 1989 - forrás, Politikai változások - Magyarország - 1989-, Sajtótörténet - Magyarország - 20. sz. - visszaemlékezés
Tárgyszavak:
Online Access:http://acta.bibl.u-szeged.hu/62651
LEADER 01070nab a2200229 i 4500
001 acta62651
005 20250902110547.0
008 191119s2017 hu o 000 hun d
020 |a 978-963-12-9848-2 
040 |a SZTE Egyetemi Kiadványok Repozitórium  |b hun 
041 |a hun 
100 1 |a Annus József 
245 1 0 |a Csattogó szélben   |h [elektronikus dokumentum] :  |b részletek Annus József kiadatlan visszaemlékezéseiből /  |c  Annus József 
260 |a Média-Mix  |b Szeged  |c 2017 
300 |a 65-70 
490 0 |a Szeged hosszú tavasza 1989-ben és '56 : előadások, tanulmányok, visszaemlékezések, dokumentumok 
650 4 |a Bölcsészettudományok 
650 4 |a Történettudomány és régészet 
695 |a Szeged története - 1989 - forrás, Politikai változások - Magyarország - 1989-, Sajtótörténet - Magyarország - 20. sz. - visszaemlékezés 
700 0 1 |a Annus Gábor 
710 |a Tetthelyre hívás - 1956 a szegedi 1989-ben (2016) (Szeged) 
856 4 0 |u http://acta.bibl.u-szeged.hu/62651/1/szeged_hosszu_tavasza_065-070.pdf  |z Dokumentum-elérés